000 01116pab a2200193 454500
008 180718b2004 xxu||||| |||| 00| 0 eng d
100 _aRoy, T.K.
245 _aSocial inequalities in health and nutrition in selected states
260 _c2004
300 _ap.677-83.
362 _a14 Feb
520 _aWhile a large number of primary health centres and subcentres have been created as part of the government's `Health for All' programme, surveys such as NFHS-1 and 2 reveal that health services either do not reach disadvantaged sections or are not accessed by them. This paper assesses the extent of inequalities in health care ad nutritional status across states with a focus on caste and tribe. It examines how far these inequalities are a result of caste/tribe per se or whether they can be attributed to differential economic and educational conditions of individuals belonging to different caste/tribe categories. - Reproduced.
650 _aNutrition
650 _aHealth services
700 _aVaidehi, Y
700 _aKulkarni, Sumati
773 _aEconomic and Political Weekly
909 _a59584
999 _c59584
_d59584